000
00211nam a2200097Ia 4500
008
240331s9999 xx 000 0 und d
082
_b
SEN
100
_a
Seneviratne, M
245
4
_a
The fleeting moment
942
_c
L
999
_c
4357
_d
4357